000 00716nam a22001937a 4500
005 20251021122648.0
010 _aHIN-129958
020 _a9789391546359
_c200.00
035 _aHN-102304
037 _bDBAD
082 _a821
100 _aदलबीर
_985512
245 _aविदुर न्यू बोल्या /
_cदलबीर
260 _aनई दिल्ली
_bशब्दाकुर प्रकाशक
_c2022
270 _aजे-41,मदनगीर
_bनई दिल्ली
_e110062
300 _a105पृ.
_c17.2 सेमी (अजिल्द )
700 _aगाँधी, प्रेमचंद
_983165
942 _2ddc
_cHN
_h821
_mदलबी
999 _c213655
_d213655